| 000 | 00329cam a2200133ua 4500 | ||
|---|---|---|---|
| 999 |
_c14824 _d14824 |
||
| 020 | _a9788122427240 | ||
| 082 |
_a664 _bSRI/FO |
||
| 100 |
_aSrilakshmi, B . _9294 |
||
| 245 | _aFood Science / | ||
| 250 | _a6 Multi colour | ||
| 260 |
_aNew Delhi : _bNew Age International Ltd , Publishers _c2015 |
||
| 300 | _a490p | ||
| 942 | _cBK | ||